| 000 | 00366nam a2200145Ia 4500 | ||
|---|---|---|---|
| 003 | OSt | ||
| 005 | 20240409111312.0 | ||
| 008 | 170524s9999 xx 000 0 und d | ||
| 020 | _a978-8175156173 | ||
| 040 | _cIIMT ENGINEERING COLLEGE | ||
| 100 | _aDESAI- BIPIN C | ||
| 245 | 3 | _aAN INTRODUCTION TO DATABASE SYSTEMS | |
| 260 | _bGALGOTIA PUB. HOUSE | ||
| 942 |
_2ddc _c02 |
||
| 999 |
_c8120 _d8120 |
||